[Event "Euskadi-ch U18"]
[Site "Eibar"]
[Date "2019.04.25"]
[Round "4"]
[White "Palomo Tamayo, Jose Maria"]
[Black "Berasategui Morillo, Alberto"]
[Result "0-1"]
[WhiteElo "1369"]
[BlackElo "1646"]
[PlyCount "81"]
[EventDate "2019.04.23"]
[EventType "swiss"]
[EventRounds "7"]
[EventCountry "ESP"]
[SourceTitle "EXT 2020"]
[Source "ChessBase"]
[SourceDate "2019.10.17"]
[SourceVersion "1"]
[SourceVersionDate "2019.10.17"]
[SourceQuality "1"]

1. e4 d6 2. d4 Nf6 3. Nc3 c6 4. Bg5 Qa5 5. Bxf6 exf6 6. d5 c5 7. Qd2 Be7 8. Nge2 f5 9. f3 0-0 10. Ng3 fxe4 11. fxe4 g6 12. Bc4 Nd7 13. 0-0 Ne5 14. Be2 Bd7 15. Qh6 Rfe8 16. Nd1 Bf8 17. Qf4 Bg7 18. Ne3 Rf8 19. h4 h5 20. Nh1 Kh7 21. Nc4 Nxc4 22. Bxc4 Be5 23. Qf3 Bxb2 24. Rab1 Bd4+ 25. Nf2 b5 26. Be2 Bg4 27. Qd3 Bxe2 28. Qxe2 b4 29. Kh1 Rae8 30. g4 Qd8 31. g5 f6 32. gxf6 Qxf6 33. Kg2 Qxh4 34. a3 Rxf2+ 35. Rxf2 Qxf2+ 36. Qxf2 Bxf2 37. Kxf2 Rxe4 38. axb4 Rxb4 39. Ra1 Rb7 40. Kg3 Kh6 41. Re1 0-1

[Event "Euskadi-ch U18"]
[Site "Eibar"]
[Date "2019.04.24"]
[Round "2"]
[White "Zoco Gallardo, Ignacio"]
[Black "Palomo Tamayo, Jose Maria"]
[Result "1-0"]
[WhiteElo "1771"]
[BlackElo "1369"]
[PlyCount "81"]
[EventDate "2019.04.23"]
[EventType "swiss"]
[EventRounds "7"]
[EventCountry "ESP"]
[SourceTitle "EXT 2020"]
[Source "ChessBase"]
[SourceDate "2019.10.17"]
[SourceVersion "1"]
[SourceVersionDate "2019.10.17"]
[SourceQuality "1"]

1. d4 f5 2. Nc3 Nf6 3. Bg5 d5 4. Bxf6 exf6 5. e3 Be6 6. Bd3 Qd7 7. Qf3 Nc6 8. a3 Ne7 9. Nge2 0-0-0 10. 0-0-0 Kb8 11. Nf4 Bf7 12. h3 Nc8 13. g4 fxg4 14. hxg4 g6 15. Nxg6 Bxg6 16. Bxg6 Nb6 17. Bd3 Qc6 18. Bb5 Qe6 19. Na4 a6 20. Nc5 Qd6 21. Bd3 Qc6 22. Nb3 Na4 23. Rxh7 Bxa3 24. bxa3 Qc3 25. Rdh1 Rxh7 26. Rxh7 Qb2+ 27. Kd2 Qc3+ 28. Ke2 Rf8 29. Bf5 Re8 30. Kf1 Qb2 31. Bd3 Re6 32. Rh6 Qxa3 33. Rxf6 Re7 34. g5 Nb2 35. Nc5 Rg7 36. Rf8+ Ka7 37. Ra8+ Kxa8 38. Qf8+ Ka7 39. Qxg7 a5 40. Qxc7 Qb4 41. Ba6 1-0